Отопление паровозов угольным порошком. Опыты за границей и в России: сборник статей; Опыты по отоплению паровозов угольным порошком, произведенным Высшим Техническим Комитетом НКПС; Отопление паровозов угольной пылью и значение этого способа для использования русских углей; Успехи порошкового отопления за 1917-1921 гг.; Отопление паровозов угольным порошком; Новые оборудования паровозов для отопления угольным порошком
| Müşterek Yazar: | |
|---|---|
| Dil: | Rusça |
| Baskı/Yayın Bilgisi: |
Петроград, Редакция специальных изданий, 1922
|
| Edisyon: | 2-е изд., доп. |
| TOC: | Д. Попов, Опыты по отоплению паровозов угольным порошком, произведенным Высшим Техническим Комитетом НКПС; Отопление паровозов угольной пылью и значение этого способа для использования русских углей; Э. П. Цизаревич, Успехи порошкового отопления за 1917-1921 гг.; Е. С. Микульский, Отопление паровозов угольным порошком; пер. с англ. Е. С. Микульского, Новые оборудования паровозов для отопления угольным порошком; |
| Konular: | |
| Materyal Türü: | MixedMaterials Kitap |
| KOHA link: | https://koha.lib.tpu.ru/cgi-bin/koha/opac-detail.pl?biblionumber=315868 |
MARC
| LEADER | 00000nam0a2200000 4500 | ||
|---|---|---|---|
| 001 | 315868 | ||
| 005 | 20231102002823.0 | ||
| 010 | |b 1500 экз. | ||
| 035 | |a (RuTPU)RU\TPU\book\341305 | ||
| 090 | |a 315868 | ||
| 100 | |a 20160311d1922 m y0rusy50 ca | ||
| 101 | 0 | |a rus | |
| 102 | |a RU | ||
| 105 | |a f z 000zy | ||
| 200 | 1 | |a Отопление паровозов угольным порошком. Опыты за границей и в России |e сборник статей |f РСФСР, НКПС, Высший технический комитет | |
| 205 | |a 2-е изд., доп. | ||
| 210 | |a Петроград |c Редакция специальных изданий |d 1922 | ||
| 215 | |a 136 с., [1] вкл. л. с чертежами | ||
| 316 | |5 63413507: М-132636 |a На обложке и титульном листе владельческая подпись: "Бутаков" | ||
| 317 | |5 63413507: М-132636 |a Поступила в НТБ в 1970 г. в составе книжного собрания профессора ТПИ И. Н. Бутакова | ||
| 464 | |t Опыты по отоплению паровозов угольным порошком, произведенным Высшим Техническим Комитетом НКПС |f Д. Попов | ||
| 464 | |t Отопление паровозов угольной пылью и значение этого способа для использования русских углей | ||
| 464 | |t Успехи порошкового отопления за 1917-1921 гг. |f Э. П. Цизаревич | ||
| 464 | |t Отопление паровозов угольным порошком |f Е. С. Микульский | ||
| 464 | |t Новые оборудования паровозов для отопления угольным порошком |f пер. с англ. Е. С. Микульского |a Цизаревич, Э. П. | ||
| 606 | 1 | |a Паровозы |x Расчет и конструкция |x Эксплуатация |2 stltpush |3 (RuTPU)RU\TPU\subj\48169 |9 67046 | |
| 610 | 1 | |a отопление | |
| 610 | 1 | |a порошковое горючее | |
| 610 | 1 | |a угольная пыль | |
| 610 | 1 | |a уголь | |
| 610 | 1 | |a пылевидное топливо | |
| 610 | 1 | |a торф | |
| 610 | 1 | |a владельческая надпись | |
| 610 | 1 | |a библиотека И. Н. Бутакова | |
| 675 | |a 629.422 |v 4 | ||
| 712 | 0 | 1 | |a СССР |b Народный комиссариат путей сообщения (НКПС) |b Высший технический комитет |c (1923-1946) |2 stltpush |3 (RuTPU)RU\TPU\col\4982 |
| 801 | 1 | |a RU |b 63413507 |c 20160311 | |
| 801 | 2 | |a RU |b 63413507 |c 20190801 |g RCR | |
| 942 | |c BK | ||